Normal view
MARC view
- Jin, Zheming.
Entry Personal Name
001 - CONTROL NUMBER
- control field: 52071
003 - CONTROL NUMBER IDENTIFIER
- control field: OSt
005 - DATE AND TIME OF LATEST TRANSACTION
- control field: 20240208144822.0
008 - FIXED-LENGTH DATA ELEMENTS
- fixed length control field: 240208|| aca||aabn | a|a d
040 ## - CATALOGING SOURCE
- Original cataloging agency: OSt
- Transcribing agency: OSt
100 ## - HEADING--PERSONAL NAME
- Personal name: Jin, Zheming.
- Relator term: author.
670 ## - SOURCE DATA FOUND
- Source citation: Work cat.: (OSt): Jin, Zheming. author., A DQ-frame asymmetrical virtual impedance control for enhancing transient stability of grid-forming inverters /, April 2022.
